| 000 | 00728nam a2200229 a 4500 | ||
|---|---|---|---|
| 001 | 57720 | ||
| 003 | BD-RjUL | ||
| 005 | 20211209080538.0 | ||
| 008 | 161211s1970 ii aa b 001 0 eng | ||
| 035 | _a(BD-RjUL)57844 | ||
| 040 |
_aDLC _cDLC _dBD-RjUL _beng |
||
| 041 | _aeng | ||
| 082 |
_223 _a301.363 _bSAT 1970 |
||
| 100 | 1 |
_aSaxena, Sudha. _9171419 |
|
| 245 | 1 | 0 |
_aTrends of urbanisation in Uttar Pradesh / _cForeword by R. N. Saksena. |
| 260 |
_aAgra : _bSatish Book Enterprise, _c1970 |
||
| 300 |
_axii, 275 p. : _bill. ; _c22 cm. |
||
| 504 | _aBibliography: p. [265]-275. | ||
| 650 | 0 |
_aCities and towns _zIndia _zUttar Pradesh _xGrowth. _9171420 |
|
| 650 | 0 |
_aUrbanization _zIndia _zUttar Pradesh. _9171421 |
|
| 942 |
_2ddc _cBK |
||
| 999 |
_c57720 _d57720 |
||